Too old to rock and roll : and other stories

資料類型: Book 圖書   書目號:48352

Leader xxxxxxxxxx
001 __ PCLIS00048352
005 __ 20101031144300.0008
010 1_ |a0-19-422988-2|bpbk.|dNT96
010 1_ |a978-0-19-422988-3|bpbk
010 0_ |a0-19-479074-6|bpbk
010 0_ |a978-0-19-479074-1|bpbk.|dNT105
042 __ |anbic
100 __ |a20060112d2000    mk y0engy01      b
101 0_ |aeng
102 __ |agb
105 __ |aa   a   000yy
200 1_ |aToo old to rock and roll|eand other stories|fJan Mark ;retold by Diane Mowat
205 __ |a2nd ed
210 __ |aOxford|cOxford University Press|d2000
215 1_ |a58 p.|cill.|d20 cm
225 2_ |aOxford bookworms library|hHuman interest|iStage 2|v
300 __ |a99年中區區域教學資源中心計畫(F083726)
300 __ |aSimplified ed : 2008
300 __ |aThe three stories in this book come from the short-storycollection A can of worms
300 __ |aPrevious ed.: 1994
300 __ |aPrevious ed.: 1994
300 __ |aThe three stories in this book come from the short-storycollection A can of worms
606 __ |2lc|aTeenagers|xFiction
606 __ |2lc|aReaders
680 __ |aPE1126.A4|bO98|y2000 v.2 n.33
681 __ |a
700 _1 |aMark|bJan|4
702 _1 |aMowat|bDiane|4
801 _0 |atw|bNCNU|c20060112|gAACR2
  
詳細館藏(共 1 筆)
索 書 號登 錄 號冊次號館別 / 館藏地流通類型狀態加入預約清單電子資源
874 / M345 2019945  圖書館 / 二樓西文圖書區 可外借30天 在館   

| 條列資料




目錄查詢 分類查詢 個人資料 圖書薦購 新書查詢 閉館日 排行榜 更多電子資源 Hami書城 線上資料庫 登出

From : 216.73.216.116

  本日流通累計至 19:05:41 借閱 : 0 次 續借 : 0 次 歸還 : 0 次 預約 : 0 次 電子資源 : 0 次


內湖高中圖書館  PCLIS 版本  25.5.0.2